LEADER 01756oam 2200529zu 450 001 9910130581003321 005 20210807004351.0 010 $a3-433-60132-1 035 $a(CKB)3400000000085589 035 $a(SSID)ssj0000682261 035 $a(PQKBManifestationID)11444992 035 $a(PQKBTitleCode)TC0000682261 035 $a(PQKBWorkID)10678293 035 $a(PQKB)11304085 035 $a(EXLCZ)993400000000085589 100 $a20160829d2002 uy 101 0 $aeng 181 $ctxt 182 $cc 183 $acr 200 10$aStructural bearings 210 31$a[Place of publication not identified]$cErnst & Sohn$d2002 215 $a1 online resource (XII, 393 p.) 300 $aBibliographic Level Mode of Issuance: Monograph 311 $a3-433-01238-5 327 $aStructure and bearing system -- Structure and bearing loads -- Bearing types -- Standards -- Approvals -- Science and research. 606 $aBridges$xBearings$zEurope 606 $aStrains and stresses$xStandards$xBearings 606 $aBridges 606 $aCivil & Environmental Engineering$2HILCC 606 $aEngineering & Applied Sciences$2HILCC 606 $aTransportation Engineering$2HILCC 615 0$aBridges$xBearings 615 0$aStrains and stresses$xStandards$xBearings 615 0$aBridges 615 7$aCivil & Environmental Engineering 615 7$aEngineering & Applied Sciences 615 7$aTransportation Engineering 676 $a624.2/52 700 $aEggert$b Helmut$0921176 702 $aKauschke$b Wolfgang 712 02$aWiley Online Library (Servicio en línea) 801 0$bPQKB 906 $aBOOK 912 $a9910130581003321 996 $aStructural bearings$92066166 997 $aUNINA LEADER 01439nas 2200481 c 450 001 9910142120003321 005 20260218110526.0 024 7 $aurn:nbn:de:bsz:25-digilib-63723 024 8 $aVD18 90278593 035 $a(CKB)1000000000527776 035 $a(DE-599)ZDB2157925-8 035 $a(OCoLC)643829256 035 $a(DE-101)026353822 035 $a(DE-599)2157925-8 035 $a(EXLCZ)991000000000527776 100 $a20040813b17951801 |y | 101 0 $ager 135 $aur||||||||||| 181 $ctxt$2rdacontent 182 $cc$2rdamedia 183 $acr$2rdacarrier 200 00$aTaschenbuch$efür das Jahr ..$fHerausgegeben von Johann Georg Jacobi 210 31$aHamburg$cPerthes$d1795-1801 210 21$aKo?nigsberg$aLeipzig$cNicolovius$d1795-1796 210 21$aBasel$cFlick$d1798-1799 215 $aOnline-Ressource 225 0 $aVD18 digital 300 $aGesehen am 20.09.12 517 $aTaschenbuch 517 3 $aFreiburger historische Besta?nde - digital : Johann Georg Jacobi und sein oberrheinischer Dichterkreis 1784 - 1814 517 1 $aueberfluessiges 608 $aZeitschrift$2gnd-content 676 $a800 676 $a790 686 $aAVL$qDE-30$2fid 702 $aJacobi$b Johann Georg$f1740-1814,$4edt 801 0$b0025 801 1$bDE-101 801 2$b9024 906 $aJOURNAL 912 $a9910142120003321 996 $aTaschenbuch$91699074 997 $aUNINA